[Event "46th Bosna it"]
[Site "Sarajevo BIH"]
[Date "2016.05.29"]
[Round "2.36"]
[White "Bucevac, Ljubisa"]
[Black "Oputic, Mirsad"]
[Result "1-0"]
[WhiteElo "2080"]
[BlackElo "1894"]
[EventDate "2016.05.28"]
[PlyCount "49"]

1.e4 c5 2.Nc3 e5 3.f4 d6 4.Nf3 exf4 5.Be2 Nc6 6.O-O g5 7.Qe1 Bg7 8.d3 Be6 
9.Nd5 f6 10.Qc3 Bxd5 11.exd5 Ne5 12.d4 Nxf3+ 13.Qxf3 Ne7 14.Qh5+ Kf8 15.
Bd2 cxd4 16.g3 Ng6 17.gxf4 Nxf4 18.Bxf4 gxf4 19.Rae1 Qe8 20.Qh4 Qg6+ 21.
Kh1 Re8 22.Bh5 Rxe1 23.Rxe1 Kf7 24.Bxg6+ hxg6 25.Qxf4 1-0

[Event "46th Bosna it"]
[Site "Sarajevo BIH"]
[Date "2016.05.29"]
[Round "2.37"]
[White "Bajic, Salko"]
[Black "Strinic, Halid"]
[Result "0-1"]
[WhiteElo "1786"]
[BlackElo "2073"]
[EventDate "2016.05.28"]
[PlyCount "66"]

1.e4 c5 2.Nf3 d6 3.d4 cxd4 4.Nxd4 Nf6 5.Nc3 a6 6.Be2 e6 7.Bg5 Nbd7 8.f4 
Qb6 9.Nb3 Qc7 10.Qd2 b5 11.Bd3 Bb7 12.O-O-O b4 13.Ne2 Nxe4 14.Bxe4 Bxe4 
15.Ned4 a5 16.Rhe1 Qb7 17.Qe2 a4 18.Na1 Nc5 19.f5 e5 20.Nb5 f6 21.Be3 Bxf5
22.Rxd6 Rc8 23.Qf2 Nd3+ 24.Rxd3 Bxd3 25.Na7 Rc7 26.Bb6 Be7 27.Rd1 Bg6 28.
Bxc7 Qxc7 29.Nb5 Qc5 30.Qe2 O-O 31.g4 Rc8 32.h4 Be8 33.Nc3 bxc3 0-1

[Event "46th Bosna it"]
[Site "Sarajevo BIH"]
[Date "2016.05.29"]
[Round "2.38"]
[White "Stojkovska, Monika"]
[Black "Comor, Harun"]
[Result "1-0"]
[WhiteElo "2030"]
[BlackElo "1761"]
[EventDate "2016.05.28"]
[PlyCount "45"]

1.e4 c5 2.Nf3 d6 3.d4 cxd4 4.Nxd4 Nf6 5.Nc3 a6 6.Be3 e5 7.Nb3 Be6 8.f3 Be7
9.Qd2 O-O 10.O-O-O b5 11.g4 Nbd7 12.g5 Nh5 13.Rg1 Nb6 14.Nd5 Nc4 15.Bxc4 
bxc4 16.Na5 Bxd5 17.exd5 Rc8 18.Nc6 Qd7 19.Rg4 Rxc6 20.dxc6 Qxc6 21.Qd5 
Qxd5 22.Rxd5 f5 23.Rxc4 1-0

[Event "46th Bosna it"]
[Site "Sarajevo BIH"]
[Date "2016.05.29"]
[Round "2.39"]
[White "Lapo, Safet"]
[Black "Musovic, Sabrija"]
[Result "0-1"]
[WhiteElo "1781"]
[BlackElo "2025"]
[EventDate "2016.05.28"]
[PlyCount "109"]

1.d4 d5 2.c4 c6 3.e3 Nf6 4.Nc3 e6 5.Nf3 Be7 6.Qc2 Nbd7 7.Bd3 dxc4 8.Bxc4 
b5 9.Be2 a6 10.O-O c5 11.Rd1 Qb6 12.b3 Bb7 13.Bb2 Rc8 14.Qd2 O-O 15.Rac1 
Rfd8 16.Qe1 Qa5 17.Qf1 cxd4 18.Nxd4 Bb4 19.Nb1 Qxa2 20.Bc3 Qa5 21.Qe1 Bxc3
22.Rxc3 Rxc3 23.Qxc3 Qxc3 24.Nxc3 Nc5 25.b4 Nce4 26.Rc1 Nxc3 27.Rxc3 Nd5 
28.Rb3 e5 29.Nf3 e4 30.Nd4 Rc8 31.g3 g6 32.Rb2 Rc1+ 33.Kg2 Kf8 34.Nb3 Rc7 
35.Nc5 Ke7 36.Rb3 f5 37.f3 Bc8 38.fxe4 Nxb4 39.Rxb4 Rxc5 40.exf5 Bxf5 41.
e4 Bd7 42.Kf3 a5 43.Rb2 b4 44.Ke3 Be6 45.Kd4 Kd6 46.Bd3 b3 47.Rb1 a4 48.
Ra1 Bd7 49.Bc4 b2 50.Rf1 a3 51.Rf6+ Kc7 52.Ba2 Rc1 53.Rf3 Ra1 54.Rxa3 Rxa2
55.Rb3 0-1

[Event "46th Bosna it"]
[Site "Sarajevo BIH"]
[Date "2016.05.29"]
[Round "2.40"]
[White "Jelen, Darko"]
[Black "Markovic, Rade A"]
[Result "0-1"]
[WhiteElo "2018"]
[BlackElo "1730"]
[EventDate "2016.05.28"]
[PlyCount "66"]

1.e4 e5 2.Nf3 Nc6 3.Bb5 Bc5 4.O-O Nf6 5.d3 d6 6.h3 Bd7 7.c3 h6 8.Qe2 Qe7 
9.Be3 Bb6 10.Nbd2 g5 11.Nh2 O-O-O 12.a4 g4 13.hxg4 Rdg8 14.f3 h5 15.Bxb6 
axb6 16.g5 Rxg5 17.Rf2 Rhg8 18.Kh1 h4 19.Qe3 Nh5 20.a5 Bh3 21.Ng4 Bxg4 22.
fxg4 Nf4 23.Bxc6 bxc6 24.axb6 c5 25.Ra7 Qe6 26.Rxc7+ Kd8 27.Ra7 Qxg4 28.
Ra8+ Ke7 29.Rxg8 Rxg8 30.Qf3 Qd7 31.Qe3 Rg3 32.Qe1 h3 33.Kh2 hxg2 0-1

[Event "46th Bosna it"]
[Site "Sarajevo BIH"]
[Date "2016.05.29"]
[Round "2.41"]
[White "Peric, Pero"]
[Black "Markovic, Dino"]
[Result "0-1"]
[WhiteElo "1746"]
[BlackElo "2013"]
[EventDate "2016.05.28"]
[PlyCount "62"]

1.Nf3 c5 2.g3 b6 3.Bg2 Bb7 4.O-O Nf6 5.d3 e6 6.e4 d6 7.Nc3 Nbd7 8.b3 Be7 
9.a4 a6 10.Re1 O-O 11.Nd2 Qc7 12.Bb2 Bc6 13.Nc4 b5 14.axb5 axb5 15.Rxa8 
Rxa8 16.Ne3 Ne8 17.Ne2 Bf6 18.Bxf6 Nexf6 19.Nf4 Qb7 20.Nh5 d5 21.Nxf6+ 
Nxf6 22.e5 Nd7 23.f4 d4 24.Bxc6 Qxc6 25.Ng2 Nb6 26.Qg4 Ra2 27.Re2 Nd5 28.
f5 Ra1+ 29.Kf2 Nc3 30.Rd2 exf5 31.Qf3 Rf1+ 0-1

[Event "46th Bosna it"]
[Site "Sarajevo BIH"]
[Date "2016.05.29"]
[Round "2.42"]
[White "Pestek, Elvis"]
[Black "Pleh, Semir"]
[Result "1-0"]
[WhiteElo "2003"]
[BlackElo "1715"]
[EventDate "2016.05.28"]
[PlyCount "107"]

1.e4 c5 2.Nf3 Nc6 3.d4 cxd4 4.Nxd4 e5 5.Nb3 Nf6 6.f3 d5 7.exd5 Qxd5 8.Qxd5
Nxd5 9.c3 Be7 10.Bc4 Nb6 11.Bb5 O-O 12.Bxc6 bxc6 13.Na5 c5 14.c4 Bh4+ 15.
g3 Bf6 16.Nc3 Be6 17.Ne4 Nxc4 18.Nxc4 Bxc4 19.Be3 Be7 20.Bxc5 Bxc5 21.Nxc5
f5 22.b3 Bb5 23.Kf2 e4 24.f4 Rac8 25.b4 a5 26.a3 axb4 27.axb4 Rfd8 28.Ke3 
Ra8 29.Ra5 Rab8 30.Rb1 Rd6 31.h4 g6 32.Rb2 Rd1 33.Ra3 Re1+ 34.Kf2 Rf1+ 35.
Kg2 Rd8 36.Ne6 Rdd1 37.Ra8+ Kf7 38.Ng5+ Ke7 39.Ra5 Rg1+ 40.Kf2 Rgf1+ 41.
Kg2 Rg1+ 42.Kf2 Rdf1+ 43.Ke3 Rxg3+ 44.Kd4 Rd3+ 45.Ke5 Bd7 46.Nxh7 Rfd1 47.
Nf6 R1d2 48.Rxd2 Rxd2 49.Nd5+ Kf7 50.Ra7 Ke8 51.b5 Rd3 52.b6 e3 53.b7 e2 
54.b8=Q+ 1-0

[Event "46th Bosna it"]
[Site "Sarajevo BIH"]
[Date "2016.05.29"]
[Round "2.43"]
[White "Demic, Aleksandar"]
[Black "Medic, Nevenko"]
[Result "0-1"]
[WhiteElo "1727"]
[BlackElo "2000"]
[EventDate "2016.05.28"]
[PlyCount "86"]

1.e4 c6 2.d4 d5 3.Nd2 dxe4 4.Nxe4 Nf6 5.Nxf6+ exf6 6.Nf3 Bd6 7.Be2 O-O 8.
O-O Qc7 9.h3 Be6 10.Be3 Nd7 11.c4 Bf4 12.Bxf4 Qxf4 13.Qd2 Qxd2 14.Nxd2 
Rad8 15.Nf3 Rfe8 16.Rfe1 g5 17.g4 Nf8 18.Bd3 Kg7 19.Kg2 Ng6 20.Bxg6 Kxg6 
21.b3 Rh8 22.Kg3 h5 23.Rh1 b5 24.cxb5 cxb5 25.Rac1 Bd5 26.Rhd1 h4+ 27.Kg2 
Rhe8 28.Rd2 f5 29.Rc3 b4 30.Re3 fxg4 31.hxg4 f5 32.gxf5+ Kxf5 33.Rde2 g4 
34.Re5+ Rxe5 35.Rxe5+ Kf4 36.Rxd5 Rxd5 37.Nxh4 Rxd4 38.Ng6+ Kg5 39.Ne7 Rd6
40.Nc8 Ra6 41.Ne7 Rxa2 42.Nc6 a5 43.Kg3 Ra3 0-1

[Event "46th Bosna it"]
[Site "Sarajevo BIH"]
[Date "2016.05.29"]
[Round "2.44"]
[White "Jovovic, Milan"]
[Black "Fejzic, Edo"]
[Result "1-0"]
[WhiteElo "1991"]
[BlackElo "1696"]
[EventDate "2016.05.28"]
[PlyCount "69"]

1.d4 Nf6 2.c4 g6 3.Nc3 Bg7 4.e4 d6 5.f3 O-O 6.Be3 Nbd7 7.Qd2 e5 8.d5 Nb6 
9.g4 h5 10.h3 Nh7 11.O-O-O Qh4 12.Rh2 Bf6 13.gxh5 Qxh5 14.h4 Be7 15.Bd3 c6
16.Nh3 f5 17.Bg5 Rf7 18.exf5 Bxf5 19.Bxe7 Rxe7 20.Rg1 cxd5 21.Ng5 Nxc4 22.
Bxc4 dxc4 23.Qd5+ Kg7 24.Qxd6 Rae8 25.Nge4 Rd7 26.Qc5 Bxe4 27.Nxe4 Qxf3 
28.Rd2 Qf4 29.Rd1 Rxd2 30.Nxd2 Qxh4 31.Nxc4 Qg5+ 32.Kb1 Nf6 33.Qc7+ Kg8 
34.Nd6 Rf8 35.Rf1 1-0

[Event "46th Bosna it"]
[Site "Sarajevo BIH"]
[Date "2016.05.29"]
[Round "2.45"]
[White "Gacic, Uzeir"]
[Black "Haskovic, Salih"]
[Result "0-1"]
[WhiteElo "1713"]
[BlackElo "1984"]
[EventDate "2016.05.28"]
[PlyCount "92"]

1.e4 e5 2.Bc4 Qh4 3.d3 Bc5 4.Qf3 Nf6 5.h3 d6 6.c3 Bg4 7.Qg3 Qxg3 8.fxg3 
Bd7 9.Nf3 h6 10.Nbd2 a6 11.a3 Nc6 12.b4 Bb6 13.g4 Be3 14.Bb2 b5 15.Bb3 O-O
16.Nf1 Bb6 17.Bc1 a5 18.Bb2 axb4 19.cxb4 Be6 20.Bxe6 fxe6 21.Rc1 Nd4 22.
N1d2 Rf7 23.g5 Nh5 24.Nxd4 exd4 25.gxh6 gxh6 26.Rf1 Nf4 27.Rf3 Nxg2+ 28.
Kd1 Rxf3 29.Nxf3 e5 30.Kd2 Rf8 31.Rf1 Rf7 32.Bc1 Ne3 33.Rg1+ Kh7 34.Ke2 
Rf4 35.Rg3 c5 36.Ne1 c4 37.dxc4 bxc4 38.Bxe3 dxe3 39.Rf3 Rxe4 40.Nc2 Kg6 
41.a4 d5 42.a5 d4 43.Nxe3 d3+ 44.Kd2 Bd4 45.Nd5 Re2+ 46.Kd1 Rb2 0-1

[Event "46th Bosna it"]
[Site "Sarajevo BIH"]
[Date "2016.05.29"]
[Round "2.46"]
[White "Bunjo, Adnan"]
[Black "Johnen, Franz"]
[Result "1-0"]
[WhiteElo "1982"]
[BlackElo "1693"]
[EventDate "2016.05.28"]
[PlyCount "71"]

1.Nf3 d5 2.d4 Nf6 3.Bf4 e6 4.e3 c5 5.c3 Nc6 6.Be2 Qb6 7.Qc2 Be7 8.Nbd2 Bd7
9.h3 Rc8 10.Qb3 Qxb3 11.axb3 a6 12.Ne5 cxd4 13.exd4 h6 14.O-O O-O 15.Nxd7 
Nxd7 16.b4 e5 17.dxe5 Ncxe5 18.Ra5 Nc4 19.Nxc4 dxc4 20.Bf3 Bd8 21.Raa1 Bc7
22.Be3 Rb8 23.Bd5 Ne5 24.Bf4 Rfc8 25.Be3 Rd8 26.Be4 Nd3 27.Rab1 b5 28.Ba7 
Bb6 29.Bxb8 Rxb8 30.Bxd3 cxd3 31.Rbd1 Rd8 32.Rd2 a5 33.bxa5 Bxa5 34.Rfd1 
b4 35.cxb4 Bxb4 36.Rxd3 1-0

[Event "46th Bosna it"]
[Site "Sarajevo BIH"]
[Date "2016.05.29"]
[Round "2.47"]
[White "Yavic, Adnan"]
[Black "Dedic, Nedzad"]
[Result "1-0"]
[WhiteElo "1696"]
[BlackElo "1977"]
[EventDate "2016.05.28"]
[PlyCount "77"]

1.e4 e6 2.d4 d5 3.e5 c5 4.c3 Nc6 5.Nf3 Qb6 6.Bd3 Bd7 7.O-O cxd4 8.cxd4 
Nxd4 9.Nxd4 Qxd4 10.Nc3 Qb6 11.Na4 Qb4 12.b3 Ne7 13.a3 Qa5 14.Bd2 Qc7 15.
f4 g6 16.Rc1 Nc6 17.b4 a6 18.Be3 Be7 19.Bb6 Qb8 20.Nc5 Bd8 21.Bxd8 Nxd8 
22.Kh1 Bc6 23.Rf3 Qc8 24.a4 b5 25.a5 Qc7 26.Qe1 Qe7 27.Qd2 O-O 28.Rh3 f6 
29.Rg3 Be8 30.Re1 fxe5 31.Rxe5 Qf6 32.Rf3 Rc8 33.Qe1 Bf7 34.h4 Nc6 35.Ree3
Rfe8 36.f5 gxf5 37.Bxf5 Qh6 38.Bxe6 Bxe6 39.Rxe6 1-0

[Event "46th Bosna it"]
[Site "Sarajevo BIH"]
[Date "2016.05.29"]
[Round "2.48"]
[White "Halilovic, Fahrudin"]
[Black "Krug, Franz-Dieter"]
[Result "1-0"]
[WhiteElo "1973"]
[BlackElo "1680"]
[EventDate "2016.05.28"]
[PlyCount "73"]

1.c4 g6 2.Nc3 Bg7 3.g3 c6 4.Bg2 Nf6 5.e4 d6 6.Rb1 O-O 7.b4 Nbd7 8.Nge2 Ne5
9.d3 Bg4 10.f4 Nf3+ 11.Kf2 Nd4 12.h3 Nxe2 13.Nxe2 Bd7 14.g4 e5 15.f5 Ne8 
16.h4 Nf6 17.Ng3 Ne8 18.Bg5 Bf6 19.Bh6 Bg7 20.Be3 h6 21.Qd2 Kh7 22.Bf3 Rh8
23.g5 h5 24.Rbg1 a5 25.a3 axb4 26.axb4 Ra4 27.Ra1 b5 28.Rxa4 bxa4 29.Ra1 
Qa8 30.Qa2 d5 31.Qxa4 Qxa4 32.Rxa4 d4 33.Bd2 Nd6 34.Ra7 Be6 35.Rc7 c5 36.
Rxc5 Nxe4+ 37.Nxe4 1-0

[Event "46th Bosna it"]
[Site "Sarajevo BIH"]
[Date "2016.05.29"]
[Round "2.49"]
[White "Strinic, Hamdija"]
[Black "Sabic, Muris"]
[Result "1-0"]
[WhiteElo "1689"]
[BlackElo "1971"]
[EventDate "2016.05.28"]
[PlyCount "86"]

1.c4 c5 2.Nc3 Nc6 3.Nf3 Nf6 4.d4 cxd4 5.Nxd4 g6 6.e4 d6 7.Be2 Bg7 8.Nc2 
O-O 9.O-O Be6 10.Kh1 Rc8 11.Rb1 Na5 12.b3 a6 13.Bb2 Bd7 14.f4 Qc7 15.Ne3 
b5 16.cxb5 axb5 17.Bxb5 Nxe4 18.Ncd5 Qd8 19.Bxd7 Qxd7 20.Bxg7 Kxg7 21.Qd4+
Nf6 22.g4 Nc6 23.Qb2 Kg8 24.Nb6 Qa7 25.Nxc8 Qxe3 26.Rbe1 Qh3 27.g5 Ng4 28.
Qg2 Qxg2+ 29.Kxg2 Rxc8 30.h3 Nge5 31.fxe5 Nxe5 32.Rc1 Ra8 33.Rc2 Kg7 34.a4
f5 35.gxf6+ exf6 36.Ra2 f5 37.a5 f4 38.b4 f3+ 39.Kg1 Nd3 40.b5 Nc5 41.a6 
Kf6 42.a7 Ke6 43.b6 Kd7 1-0

[Event "46th Bosna it"]
[Site "Sarajevo BIH"]
[Date "2016.05.29"]
[Round "2.50"]
[White "Cunjalo, Faris"]
[Black "Kocanovic, Armin"]
[Result "1-0"]
[WhiteElo "1966"]
[BlackElo "1592"]
[EventDate "2016.05.28"]
[PlyCount "90"]

1.d4 Nf6 2.c4 e6 3.Nf3 d5 4.g3 Be7 5.Bg2 O-O 6.O-O dxc4 7.Ne5 Nbd7 8.Nxc4 
Nb6 9.Ne5 c6 10.Nc3 Qc7 11.Bf4 Nh5 12.Nxc6 Nxf4 13.Nxe7+ Qxe7 14.gxf4 Qf6 
15.e3 Nc4 16.Qe2 Nd6 17.Qh5 Nf5 18.Qg5 Nh4 19.Qxf6 gxf6 20.Be4 f5 21.Bh1 
Bd7 22.Rfc1 Kh8 23.Ne2 Bb5 24.Ng3 Rac8 25.Bxb7 Rb8 26.Bh1 Rg8 27.Rc7 Bd3 
28.b3 Rbc8 29.Rac1 Ba6 30.Rxc8 Rxc8 31.Rxc8+ Bxc8 32.Nf1 Ba6 33.Nd2 Bd3 
34.Nf3 Ng6 35.Ne5 Bb1 36.Nxg6+ hxg6 37.a3 Ba2 38.b4 Kg7 39.Kf1 Bd5 40.Bxd5
exd5 41.a4 Kf6 42.Ke2 Ke6 43.h4 Kd6 44.Kd3 a6 45.b5 a5 1-0

[Event "46th Bosna it"]
[Site "Sarajevo BIH"]
[Date "2016.05.29"]
[Round "2.51"]
[White "Sabanagic, Mirza"]
[Black "Hadziselimovic, Bernardina"]
[Result "0-1"]
[WhiteElo "1612"]
[BlackElo "1948"]
[EventDate "2016.05.28"]
[PlyCount "119"]

1.e4 g6 2.d4 Bg7 3.Nf3 d6 4.g3 Nf6 5.Nc3 c6 6.Bg2 O-O 7.O-O Nbd7 8.Re1 e5 
9.dxe5 dxe5 10.h3 Qc7 11.b3 Rd8 12.Qe2 b6 13.Bb2 Bb7 14.Rad1 Nf8 15.Nd2 
Ne6 16.Nf3 Nd4 17.Nxd4 exd4 18.Nb1 c5 19.e5 Re8 20.f4 Nd5 21.Rc1 Rad8 22.
Qf2 b5 23.Nd2 Ne3 24.Bxb7 Qxb7 25.Nf1 Nd5 26.Qg2 f6 27.exf6 Bxf6 28.Rxe8+ 
Rxe8 29.c4 dxc3 30.Bxc3 Bxc3 31.Rxc3 c4 32.bxc4 Qb6+ 33.c5 Qe6 34.Rc2 b4 
35.Qf2 Qxh3 36.c6 Nc3 37.c7 Qf5 38.Ne3 Qc5 39.Ng4 Re1+ 40.Kg2 Qc6+ 41.Qf3 
Qxc7 42.Ne5 a5 43.Rd2 Ne4 44.Qb3+ Kf8 45.Rd8+ Ke7 46.Rd7+ Qxd7 47.Nxd7 
Kxd7 48.Qd5+ Nd6 49.Qxa5 Rb1 50.Qa7+ Kc6 51.Qxh7 Rb2+ 52.Kh3 Rxa2 53.Qxg6 
b3 54.Qb1 Ra3 55.Qb2 Nc4 56.Qb1 b2 57.Qe4+ Kc5 58.Qe2 Kd4 59.Qe1 Ra1 60.
Qg1+ 0-1

[Event "46th Bosna it"]
[Site "Sarajevo BIH"]
[Date "2016.05.29"]
[Round "2.52"]
[White "Lakovic, Igor"]
[Black "Tutic, Amina"]
[Result "1-0"]
[WhiteElo "1944"]
[BlackElo "1511"]
[EventDate "2016.05.28"]
[PlyCount "49"]

1.d4 g6 2.c4 Bg7 3.Nc3 Nf6 4.e4 d6 5.Nf3 O-O 6.Be2 c5 7.O-O Bg4 8.Be3 Bxf3
9.Bxf3 Nbd7 10.Qd2 Nb6 11.b3 cxd4 12.Bxd4 e5 13.Be3 Nbd7 14.Qxd6 Qa5 15.
Qd2 Rad8 16.Nd5 Qxd2 17.Bxd2 Nxd5 18.cxd5 Rc8 19.Rac1 f5 20.Bb4 Rxc1 21.
Rxc1 Rd8 22.d6 Bf8 23.exf5 gxf5 24.Bd5+ Kg7 25.Rc7 1-0

[Event "46th Bosna it"]
[Site "Sarajevo BIH"]
[Date "2016.05.29"]
[Round "2.53"]
[White "Maric, Vedran"]
[Black "Selimovic, Amir"]
[Result "0-1"]
[WhiteElo "1588"]
[BlackElo "1944"]
[EventDate "2016.05.28"]
[PlyCount "46"]

1.e4 e6 2.Nf3 d5 3.exd5 exd5 4.d4 Nc6 5.c3 Bd6 6.Bd3 Nge7 7.O-O h6 8.Re1 
O-O 9.Ne5 Bf5 10.Bf1 Nxe5 11.dxe5 Bc5 12.Be3 Bxe3 13.Rxe3 Ng6 14.Bd3 Bxd3 
15.Qxd3 Re8 16.e6 Rxe6 17.Rxe6 Nf4 18.Qb5 Nxe6 19.Qxb7 Rb8 20.Qxa7 Rxb2 
21.Na3 Qd6 22.c4 Qb4 23.cxd5 Rxa2 0-1

[Event "46th Bosna it"]
[Site "Sarajevo BIH"]
[Date "2016.05.29"]
[Round "2.54"]
[White "Cabric, Izet"]
[Black "Sinik, Yagmur"]
[Result "1-0"]
[WhiteElo "1930"]
[BlackElo "1394"]
[EventDate "2016.05.28"]
[PlyCount "134"]

1.c4 e5 2.Nc3 Nf6 3.g3 Nc6 4.Bg2 Be7 5.e3 d6 6.Nge2 Be6 7.d3 d5 8.b3 O-O 
9.O-O Qd7 10.Bb2 Rad8 11.Rc1 Qc8 12.cxd5 Nxd5 13.a3 f5 14.b4 a6 15.Nxd5 
Bxd5 16.Bxd5+ Rxd5 17.Qb3 Qe6 18.f4 Kh8 19.Nc3 Rd6 20.Qxe6 Rxe6 21.Nd5 
exf4 22.exf4 Bd6 23.Rfe1 Rfe8 24.Kf2 Rxe1 25.Rxe1 Rxe1 26.Kxe1 Ne7 27.Ne3 
Kg8 28.Ke2 b5 29.Kf3 Kf7 30.h3 g6 31.g4 c6 32.Bd4 Nd5 33.Nxd5 cxd5 34.Ke3 
Ke6 35.Bc5 Bc7 36.Kf3 Bd8 37.Kg3 fxg4 38.hxg4 Bf6 39.d4 g5 40.f5+ Kd7 41.
Kf3 Kc6 42.Ke3 Kc7 43.Bf8 Kc6 44.Kd3 Kc7 45.Kc3 Kc6 46.Bh6 Kd7 47.Kb3 Bxd4
48.Bxg5 Ke8 49.Bc1 Kf7 50.g5 Be5 51.Kc2 Kg7 52.Kd3 Kf7 53.Ke2 Bc3 54.Kf3 
Be5 55.Kg4 Bg7 56.Kh5 d4 57.Kg4 d3 58.Kf3 d2 59.Bxd2 Bb2 60.Ke4 Bxa3 61.
Kd5 Bb2 62.Kc6 h6 63.gxh6 Kf6 64.Kb6 Kxf5 65.Kxa6 Kg6 66.Kxb5 Ba3 67.Kc4 
Bb2 1-0

[Event "46th Bosna it"]
[Site "Sarajevo BIH"]
[Date "2016.05.29"]
[Round "2.55"]
[White "Grgic, Anto"]
[Black "Colpa, Husein"]
[Result "0-1"]
[WhiteElo "1404"]
[BlackElo "1926"]
[EventDate "2016.05.28"]
[PlyCount "64"]

1.e4 c5 2.Nf3 d6 3.c3 Nd7 4.d4 e6 5.Be3 b6 6.Bb5 Qc7 7.e5 a6 8.Ba4 b5 9.
Bc2 Bb7 10.O-O dxe5 11.Nbd2 Rd8 12.Qb1 Ngf6 13.h3 h6 14.a4 exd4 15.cxd4 c4
16.axb5 axb5 17.Rd1 Be7 18.Ne4 Qc6 19.Ng3 g5 20.Ra7 g4 21.hxg4 Rg8 22.Rxb7
Qxb7 23.g5 hxg5 24.Nxg5 Nd5 25.Nf3 Nxe3 26.fxe3 Rxg3 27.Be4 Qb8 28.Kf2 Rg4
29.Bc6 Qg3+ 30.Ke2 Qxg2+ 31.Ke1 Rh4 32.Nxh4 Bxh4# 0-1

[Event "46th Bosna it"]
[Site "Sarajevo BIH"]
[Date "2016.05.29"]
[Round "2.56"]
[White "Vujicic, Dragisa"]
[Black "Lipovcic, Marko"]
[Result "1-0"]
[WhiteElo "1896"]
[BlackElo "1281"]
[EventDate "2016.05.28"]
[PlyCount "85"]

1.e4 c5 2.Nc3 d6 3.g3 Nf6 4.Bg2 g6 5.d3 Bg7 6.Nge2 O-O 7.O-O Nc6 8.Bg5 a6 
9.a4 Bd7 10.Qd2 Nb4 11.Nd1 Rb8 12.c3 Nc6 13.d4 Qa5 14.dxc5 Qxc5 15.Be3 Qa5
16.h3 Ne5 17.b3 Bc6 18.Qc2 Bb5 19.b4 Bd3 20.Qxd3 Qxb4 21.cxb4 Nxd3 22.Rb1 
Rfc8 23.Nf4 Ne5 24.Nb2 Rc3 25.a5 Rbc8 26.Rfc1 R8c6 27.Na4 Ra3 28.Nb6 e6 
29.Ne2 Ned7 30.Rxc6 bxc6 31.Nc4 Rd3 32.Nf4 Rc3 33.Nxd6 e5 34.Ne2 Rc2 35.
Kf1 Bf8 36.Nb7 Rc4 37.Nd8 Be7 38.Nb7 Bxb4 39.Rc1 Rxc1+ 40.Nxc1 Kf8 41.Ke2 
Ke7 42.Kd3 Ke8 43.Nb3 1-0

[Event "46th Bosna it"]
[Site "Sarajevo BIH"]
[Date "2016.05.29"]
[Round "2.58"]
[White "Fejzic, Danis"]
[Black "Stanivukovic, Drago"]
[Result "0-1"]
[WhiteElo "1373"]
[BlackElo "1890"]
[EventDate "2016.05.28"]
[PlyCount "94"]

1.e4 e5 2.Nf3 Nc6 3.d4 exd4 4.Bc4 Na5 5.Qxd4 Nxc4 6.Qxc4 h6 7.O-O d6 8.Nc3
c6 9.Bf4 Be6 10.Qd3 Qb6 11.Rab1 Rd8 12.Rfd1 Nf6 13.Be3 Qc7 14.e5 Ng4 15.
exd6 Bxd6 16.Kh1 O-O 17.Qe2 Nxe3 18.Qxe3 b6 19.a3 Bf4 20.Qe2 Bg4 21.h3 
Rfe8 22.Rxd8 Qxd8 23.Rd1 Qc8 24.Qd3 Bf5 25.Qd4 Bb8 26.Qd2 Bxh3 27.g3 Bg4 
28.Qd3 Qe6 29.Rf1 c5 30.Nh4 g5 31.Ng2 Qc6 32.Qd5 Bf3 33.Qxc6 Bxc6 34.Kh2 
Be5 35.Ne3 Bxc3 36.bxc3 Be4 37.Ng4 Kg7 38.Re1 f5 39.f3 fxg4 40.fxe4 Rd8 
41.Re2 Kf6 42.Kg2 Rd1 43.e5+ Ke6 44.c4 Ra1 45.Re3 Ra2 46.Rc3 Kxe5 47.Kf2 
Kd4 0-1

[Event "46th Bosna it"]
[Site "Sarajevo BIH"]
[Date "2016.05.29"]
[Round "3.13"]
[White "Sadikovic, Jasmin"]
[Black "Nikolic, Predrag"]
[Result "0-1"]
[WhiteElo "2106"]
[BlackElo "2617"]
[EventDate "2016.05.28"]
[PlyCount "100"]

1.e4 d6 2.d4 Nf6 3.Nc3 g6 4.f4 Bg7 5.e5 Nfd7 6.Nf3 Nb6 7.Bd3 Nc6 8.O-O Nb4
9.Be2 dxe5 10.dxe5 Qxd1 11.Bxd1 Bf5 12.Nd4 Bd7 13.a3 Nc6 14.Nxc6 Bxc6 15.
Be2 O-O-O 16.Bd3 f6 17.exf6 Bxf6 18.Be3 Rhf8 19.Rab1 a6 20.Rbe1 Kb8 21.Bc5
Nc8 22.h3 b6 23.Be3 a5 24.Bc1 Nd6 25.Kh2 Rd7 26.Ne4 Nxe4 27.Bxe4 Bxe4 28.
Rxe4 Rfd8 29.c3 Rd1 30.Ree1 Rxe1 31.Rxe1 a4 32.g3 Rd3 33.Kg2 Kb7 34.Kf2 
Kc6 35.Re3 Rd1 36.Re1 Rxe1 37.Kxe1 Kd5 38.Ke2 Ke4 39.Be3 e6 40.Bd2 h5 41.
Be1 Be7 42.Bf2 Bd6 43.Be1 Bc5 44.Bd2 Bg1 45.c4 Bd4 46.Bc1 c5 47.g4 hxg4 
48.hxg4 Bf6 49.f5 exf5 50.g5 Bd4 0-1

[Event "46th Bosna it"]
[Site "Sarajevo BIH"]
[Date "2016.05.29"]
[Round "3.14"]
[White "Can, Emre"]
[Black "Kvisvik, Brede"]
[Result "1-0"]
[WhiteElo "2557"]
[BlackElo "2287"]
[EventDate "2016.05.28"]
[PlyCount "77"]

1.d4 d5 2.Nf3 Nf6 3.c4 dxc4 4.e3 b5 5.a4 b4 6.Bxc4 e6 7.O-O Be7 8.Nbd2 O-O
9.b3 Bb7 10.Bb2 Nbd7 11.Qe2 c5 12.Rac1 Qb8 13.Rc2 Rc8 14.Rfc1 Qd6 15.e4 
Qf4 16.e5 Nd5 17.Bb5 Bc6 18.Ba6 Rc7 19.dxc5 Nxc5 20.Rxc5 Bxc5 21.Rxc5 Nc3 
22.Qc4 Qxc4 23.Rxc4 Nd5 24.Nd4 Bd7 25.Rxc7 Nxc7 26.Bb7 Rb8 27.Bc6 Rd8 28.
Bxd7 Rxd7 29.Kf1 Rd5 30.Nc4 Na6 31.f4 Nc5 32.Ke2 h6 33.Ne3 Rd7 34.Nec2 a5 
35.Ne1 Rd5 36.Nd3 Nd7 37.Nc2 Nb8 38.Bd4 Rd8 39.Bb6 1-0

[Event "46th Bosna it"]
[Site "Sarajevo BIH"]
[Date "2016.05.29"]
[Round "3.15"]
[White "Zlobec, Srdjan"]
[Black "Drazic, Sinisa"]
[Result "0-1"]
[WhiteElo "2062"]
[BlackElo "2422"]
[EventDate "2016.05.28"]
[PlyCount "118"]

1.d4 Nf6 2.Nf3 g6 3.Bf4 Bg7 4.h3 O-O 5.e3 c5 6.c3 d6 7.Be2 Qb6 8.Qb3 Be6 
9.Qa3 Nbd7 10.Nbd2 h6 11.O-O Rac8 12.Rfe1 g5 13.Bg3 Bf5 14.Bf1 d5 15.Ne5 
e6 16.Qb3 Nxe5 17.Bxe5 c4 18.Qxb6 axb6 19.g4 Ne4 20.Nxe4 Bxe4 21.Bxg7 Kxg7
22.Bg2 Bxg2 23.Kxg2 f5 24.f3 Kf6 25.a3 h5 26.Rab1 b5 27.Kg3 Rg8 28.Rh1 Rg7
29.Rbg1 Rh8 30.Rh2 Ke7 31.Rgh1 h4+ 32.Kg2 Rf8 33.Rf1 Rgf7 34.Rhh1 Kd6 35.
Rhg1 Kc6 36.gxf5 Rxf5 37.Rf2 Kb6 38.Rgf1 Ka5 39.e4 R5f7 40.exd5 exd5 41.
Re1 Ka4 42.Re5 Rf5 43.Rxf5 Rxf5 44.Re2 Kb3 45.Kf2 Rf7 46.Kg2 b4 47.axb4 b5
48.Re5 Rd7 49.Re2 Ra7 50.f4 gxf4 51.Kf3 Ra2 52.Kxf4 Rxb2 53.Re3 Rc2 54.Kg4
Rxc3 55.Re5 Rd3 56.Rxd5 c3 57.Kxh4 c2 58.Rc5 Rxd4+ 59.Kg5 Rc4 0-1

[Event "46th Bosna it"]
[Site "Sarajevo BIH"]
[Date "2016.05.29"]
[Round "3.16"]
[White "Jakovljevic, Vlado"]
[Black "Injac, Teodora"]
[Result "1-0"]
[WhiteElo "2395"]
[BlackElo "2185"]
[EventDate "2016.05.28"]
[PlyCount "125"]

1.Nf3 Nf6 2.c4 g6 3.d4 Bg7 4.g3 O-O 5.Bg2 c5 6.Nc3 cxd4 7.Nxd4 Nc6 8.O-O 
Qa5 9.Nb3 Qh5 10.c5 a5 11.e3 a4 12.Qxh5 Nxh5 13.Nd4 Nxd4 14.exd4 Bxd4 15.
Nd5 Bxc5 16.Bh6 Rd8 17.Rac1 Ra5 18.Be3 d6 19.Nxe7+ Kg7 20.Nxc8 Rxc8 21.
Bxb7 Rb8 22.Bd2 Ra7 23.Bc3+ Kf8 24.Bf3 Ng7 25.a3 Ne6 26.Rfd1 Ke7 27.h4 Bb6
28.Rd5 Rc7 29.Rcd1 Bc5 30.R5d3 Rbc8 31.Ra1 Ra7 32.Re1 Rac7 33.Ra1 Ra7 34.
Bd5 Rf8 35.Re1 Kd7 36.Bf6 Kc8 37.Bxe6+ fxe6 38.Rxe6 Raf7 39.Bd4 Bxd4 40.
Rxd4 Rxf2 41.Re8+ Kd7 42.Rxf8 Rxf8 43.Rxa4 Kc6 44.Rd4 Kc5 45.Rd3 d5 46.b3 
h5 47.Kg2 d4 48.Rf3 Ra8 49.a4 Rb8 50.Kf2 Kd5 51.Ke2 Ke4 52.a5 Rb5 53.a6 
Ra5 54.Rf4+ Ke5 55.Kd3 Rxa6 56.Re4+ Kd5 57.Rxd4+ Kc5 58.Rc4+ Kd5 59.Ra4 
Rc6 60.Ra5+ Ke6 61.Rg5 Kd7 62.b4 Kc7 63.Rc5 1-0

[Event "46th Bosna it"]
[Site "Sarajevo BIH"]
[Date "2016.05.29"]
[Round "3.17"]
[White "Aleksic, Neven"]
[Black "Burovic, Ismet"]
[Result "1/2-1/2"]
[WhiteElo "2146"]
[BlackElo "2377"]
[EventDate "2016.05.28"]
[PlyCount "95"]

1.d4 d6 2.c4 e5 3.Nc3 exd4 4.Qxd4 Nc6 5.Qd2 g6 6.b3 Bg7 7.Bb2 Nf6 8.e3 O-O
9.Nf3 Re8 10.Be2 Be6 11.Rd1 a5 12.O-O Ng4 13.a3 f5 14.Nb5 Nge5 15.Nfd4 Bf7
16.f4 Nd7 17.Bf3 Ra6 18.Nxc6 bxc6 19.Bxg7 Kxg7 20.Qd4+ Kg8 21.Nc3 Qf6 22.
Qd2 Rb8 23.Rb1 Rab6 24.b4 axb4 25.axb4 Bxc4 26.Rfc1 Qe6 27.Na4 Ra6 28.Rxc4
Rxa4 29.Bxc6 Nb6 30.Rd4 Ra3 31.Re1 Qb3 32.e4 Qc3 33.Qxc3 Rxc3 34.b5 Kf7 
35.exf5 gxf5 36.Rd2 Rf8 37.Rde2 Kg7 38.Re7+ Rf7 39.Re8 Rc4 40.g3 d5 41.Rd8
Re4 42.Rd1 Rfe7 43.Bxd5 Re2 44.Bc6 Kf7 45.Bd5+ Kg6 46.Bc6 Kf7 47.Bd5+ Kg6 
48.Bc6 1/2-1/2

[Event "46th Bosna it"]
[Site "Sarajevo BIH"]
[Date "2016.05.29"]
[Round "3.18"]
[White "Sutkovic, Damir"]
[Black "Mrndjic, Armin"]
[Result "1/2-1/2"]
[WhiteElo "2316"]
[BlackElo "2112"]
[EventDate "2016.05.28"]
[PlyCount "20"]

1.Nf3 Nf6 2.c4 g6 3.d4 Bg7 4.g3 c6 5.Bg2 O-O 6.O-O d5 7.cxd5 cxd5 8.Nc3 
Nc6 9.Bf4 a6 10.Ne5 e6 1/2-1/2

[Event "46th Bosna it"]
[Site "Sarajevo BIH"]
[Date "2016.05.29"]
[Round "3.20"]
[White "Batricevic, Sasa"]
[Black "Nezirovic, Ozren"]
[Result "1/2-1/2"]
[WhiteElo "2296"]
[BlackElo "2067"]
[EventDate "2016.05.28"]
[PlyCount "46"]

1.e4 d6 2.d4 Nf6 3.Nc3 g6 4.Bg5 Bg7 5.e5 dxe5 6.dxe5 Ng4 7.Qxd8+ Kxd8 8.
Rd1+ Bd7 9.e6 Bxc3+ 10.bxc3 fxe6 11.Nf3 Nc6 12.Bc4 Ke8 13.O-O Nge5 14.Nxe5
Nxe5 15.Bb3 Nf7 16.Bf4 Nd6 17.Rfe1 Rf8 18.Bh6 Rf5 19.g4 Rf3 20.Rd3 Rxd3 
21.cxd3 Nf7 22.Bc1 Rd8 23.d4 e5 1/2-1/2